Informe de una consulta internacional sobre el sida y los derechos humanos / (Registro nro. 11597)

Detalles MARC
000 -LIDER
fixed length control field 00816nam a22002297a 4500
001 - NÚMERO DE CONTROL
Identificador de número de control 000566
003 - IDENTIFICACDOR DE NÚMERO DE CONTROL
control field DO-SdBNP
005 - DATE AND TIME OF LATEST TRANSACTION
control field 20180130113933.0
007 - CAMPOS FIJOS DE DESCRIPCIÓN FÍSICA
fixed length control field 000566
008 - ELEMENTOS DE LONGITUD FIJA
fixed length control field 161018b 1991 nyu ||||| |||| 00| 0 spa d
040 ## - FUENTE DE CATALOGACIÓN
Agencia que crea de manera original el registro BPMSU
Idioma de catalogación spa
Agencia que realiza la transcripción BPMSU
082 ## - NÚMERO DE CLASIFICACIÓN DECIMAL DE DEWEY
Classification number xxxxx
Item number xxxxx
111 #2 - ASIENTO PRINCIPAL--NOMBRE DE REUNIÓN O CONFERENCIA
Nombre de reunión o jurisdicción como elemento de entrada Consulta internacional sobre el sida y los derechos humanos
Fecha de la reunión (1989, 26-28 de julio de :
Lugar de la reunión Ginebra)
245 10 - MENCIÓN DE TITULO
Título Informe de una consulta internacional sobre el sida y los derechos humanos /
Mención de responsabilidad Naciones Unidas. Centro de Derechos Humanos.
260 ## - PUBLICACIÓN, DISTRIBUCIÓN, ETC. (PIE DE IMPRENTA)
Lugar de publicación, distribución, etc Nueva York :
Nombre del editor, distribuidor, etc. Fondo de Cultura Económica,
Fecha de publicación, distribución, etc 1953.
300 ## - DESCRIPCIÓN FÍSICA
Extensión 114 p. ;
Dimensiones 22 cm.
490 1# - MENCIÓN DE SERIES
Mención de serie Derechos humanos.
830 #0 - ASIENTO SECUNDARIO DE SERIE--TÍTULO UNIFORME
Título uniforme Derechos humanos.
942 ## - ADDED ENTRY ELEMENTS (KOHA)
Source of classification or shelving scheme Dewey Decimal Classification
Koha item type Libros
945 ## - INFORMACIÓN DE PROCESAMIENTO LOCAL
Información de procesamiento local Inventariado extranjero / 2018 VM
956 ## - LOCAL ELECTRONIC LOCATION AND ACCESS (OCLC)
Método de acceso LOPEREZ
Materiales especificados 10
Enlace 20161018
Campo enlazado y núm. de secuencia BPMSU
Nombre de host 00041
Existencias
Withdrawn status Lost status Source of classification or shelving scheme Damaged status Not for loan Collection code Home library Current library Date acquired Total Checkouts Full call number Barcode Date last seen Price effective from Koha item type
    Dewey Decimal Classification     Colección General Biblioteca Pública Metropolitana Salomé Ureña Biblioteca Pública Metropolitana Salomé Ureña 10/18/2016   xxxxx xxxxx BPMSU16100242 10/18/2016 10/18/2016 Libros